20 największych miast w Stanach Zjednoczonych - Statystyki

Ogólne statystyki
  • Ten quiz został rozwiązany 51 086 razy
    50 837 od ostatniego zresetowania
  • Średni wynik to 7 z 20
Statystyki odpowiedzi
Liczba Ludności Miasto % Poprawnych
8 398 748 Nowy Jork
98%
3 990 456 Los Angeles
89%
702 455 Waszyngton
84%
2 705 994 Chicago
74%
883 305 San Francisco
59%
1 345 047 Dallas
40%
744 955 Seattle
39%
1 584 138 Filadelfia
35%
2 325 502 Houston
35%
716 492 Denver
31%
1 425 976 San Diego
29%
1 660 272 Phoenix
28%
1 532 233 San Antonio
22%
964 254 Austin
20%
1 030 119 San Jose
15%
867 125 Indianapolis
14%
872 498 Charlotte
10%
903 889 Jacksonville
8%
892 533 Columbus
6%
895 008 Fort Worth
5%
Nie znaleziono quizów pasujących do podanych kryteriów
Rozkład punktacji
Procent ludzi z każdym wynikiem
Percentyl według liczby udzielonych odpowiedzi
Twoja historia wyników
Nie rozwiązałeś tego quizu od ostatniego zresetowania